Λογιστικό σχέδιο ναυτιλιακής επιχείρησης που εκμεταλλεύεται ή διαχειρίζεται φορτηγά πλοία : μεταπτυχιακή εργασία

Αποθηκεύτηκε σε:
Λεπτομέρειες βιβλιογραφικής εγγραφής
Κύριος συγγραφέας: Λεκαράκου, Αικατερίνη
Συγγραφή απο Οργανισμό/Αρχή: Πανεπιστήμιο Αιγαίου Σχολή Επιστημών της Διοίκησης Τμήμα Ναυτιλίας και Επιχειρηματικών Υπηρεσιών Πρόγραμμα Μεταπτυχιακών Σπουδών "Ναυτιλία, Μεταφορές και Διεθνές Εμπόριο - ΝΑ.Μ.Ε."
Άλλοι συγγραφείς: Σώρρος, Ιωάννης (Εισηγητής διατριβής)
Μορφή: Thesis Βιβλίο
Γλώσσα:Greek
Δημοσίευση: 2002
Θέματα:
Ετικέτες: Προσθήκη ετικέτας
Δεν υπάρχουν, Καταχωρήστε ετικέτα πρώτοι!

MARC

LEADER 00000cam a2200000 i 4500
001 1/30438
008 030110s2002 gre d
035 |l 10068980 
040 |a GR-MY-UA  |b gre  |e aacr 
041 0 |a gre 
082 0 |a 657.8  |2 (22) 
100 1 |a Λεκαράκου, Αικατερίνη. 
245 1 0 |a Λογιστικό σχέδιο ναυτιλιακής επιχείρησης που εκμεταλλεύεται ή διαχειρίζεται φορτηγά πλοία :  |b μεταπτυχιακή εργασία /  |c Λεκαράκου Αικατερίνη ; επιβλέπων: Σώρρος Ιωάννης 
260 |c 2002 
300 |a 54 σ.;  |c 30 εκ. 
502 |a Διατριβή (μεταπτυχιακή) – Πανεπιστήμιο Αιγαίου, Χίος, 2002. 
504 |a Περιλαμβάνει βιβλιογραφία 
610 2 0 |a Πανεπιστήμιο Αιγαίου. 
650 0 0 |a Shipping companies (Marine transportation) 
650 0 0 |a Shipping  |x Accounting. 
650 0 0 |a Bulk carrier cargo ships. 
650 0 0 |a Dissertations, Academic  |z Greece. 
700 1 |a Σώρρος, Ιωάννης.  |4 ths 
710 1 |a Πανεπιστήμιο Αιγαίου  |b Σχολή Επιστημών της Διοίκησης  |b Τμήμα Ναυτιλίας και Επιχειρηματικών Υπηρεσιών  |b Πρόγραμμα Μεταπτυχιακών Σπουδών "Ναυτιλία, Μεταφορές και Διεθνές Εμπόριο - ΝΑ.Μ.Ε.". 
852 |a INST  |b CHIOS  |c DIATR  |e 20030110  |h 657.8 ΛΕΚ  |p 005200013585  |q 005200013585  |t MTXE  |y 23 
901 |a BIBL2-2003-1 
909 |a Χ  |b 102644 
924 |a Λεκαράκου  |b Αικατερίνη  |y Χίος  |z 2002-12 
970 |a Χαζίρη  |b Αννα  |z 2003/01/10